000 00536nam a2200169Ia 4500
008 090711s9999 xx 000 0 und d
082 _b54611
100 _aवैद्य ब. ल.
245 _aआरोग्यासाठी योगासने
260 _c1983
300 _a123
600 _aवैद्य ब. ल.
630 _aआरोग्यासाठी योगासने
700 _aवैद्य ब. ल.
730 _aआरोग्यासाठी योगासने
942 _cBOOK
999 _c312300
_d312300